On This Day: December 15th Quiz Stats

 Plays Quiz Updated Dec 15, 2017

Challenge
Share
Tweet
Embed
Score 0/7 Timer 03:00
1 Play Today
Question Answer Wrong Answers
This French architect and engineer, best known for his contribution to the 1889 Universal Exposition in Paris, is born.
1832
Gustave Eiffel
95.6%
Maurice Koechlin
1.8%
Théophile Seyrig
1.4%
Richard Morris Hunt
1.1%
This film, set in the American South against the backdrop of the American Civil War and Reconstruction era, premieres at Loew's Grand Theatre in Atlanta, Georgia.
1939
Gone with the Wind
95.1%
Mutiny on the Bounty
1.2%
Ben-Hur
1.5%
Two Flags West
1.7%
The American Psychiatric Association votes 13–0 to remove ______ from its official list of psychiatric disorders, the DSM-II.
1973
Homosexuality
92.3%
Schizophrenia
1.7%
Depression
2.4%
Dementia
1.5%
This Italian landmark reopens after 11 years and $27 million spent to stabilize it.
2001
Leaning Tower of Pisa
89.8%
Colosseum
4.8%
Trevi Fountain
1.1%
St. Peter's Basilica
1.9%
Following the Allied Occupation of Japan, General Douglas MacArthur orders that ______ be abolished as the state religion of Japan.
1945
Shinto
71.9%
Buddhism
13.5%
Sikhism
2.2%
Taoism
11%
President Jimmy Carter announces that the United States will recognize the People's Republic of China and sever diplomatic relations with ______.
1978
Taiwan
63.8%
Nepal
2.9%
North Korea
29%
Mongolia
2.1%
After a widely publicized trial in Israel, this man is sentenced to death for 15 criminal charges, including crimes against humanity and crimes against the Jewish people.
1961
Adolf Eichmann
52.7%
Heinrich Himmler
17.1%
Hermann Göring
8.3%
Joseph Goebbels
20.2%

Today's Daily Dose

Missing Word
Entertainment 'M'

Word Ladder
North Carolina

On This Day
January 16th II

You're not logged in!

Compare scores with friends on all Sporcle quizzes.
OR
Log In

You Might Also Like...

Show Comments

Extras

Top Quizzes Today


Score Distribution

Your Account Isn't Verified!

In order to create a playlist on Sporcle, you need to verify the email address you used during registration. Go to your Sporcle Settings to finish the process.

Report this User

Report this user for behavior that violates our Community Guidelines.

Details: